000 00771nam a2200241 a 4500
001 14679
003 BD-RjUL
005 20211208235654.0
008 161220s1984 ilua b 001 0 eng
020 _a0870944657
020 _a025603124X
035 _a(BD-RjUL)14733
040 _aDLC
_cDLC
_dDLC
_dBD-RjUL
_beng
041 _aeng
082 0 0 _a658.50973
_219
_bBUM 1984
100 1 _aBuffa, Elwood Spencer,
_d1923-
_945750
245 1 0 _aMeeting the competitive challenge :
_bManufacturing strategy for U.S. companies /
_cElwood S. Buffa.
260 _aHomewood, Ill. :
_bDow Jones-Irwin,
_cc1984.
300 _axi, 190 p. :
_bill. ;
_c24 cm.
504 _aBibliography: p. 177-179 and index.
650 0 _aProduction management
_zUnited States.
_945751
942 _2ddc
_cBK
999 _c14679
_d14679